Memoria referente á la Exposicion de Higiene y Salvamento (Record no. 165362)

MARC details
000 -LEADER
campo de control de longitud fija 00970nam a22002175i 4500
001 - NÚMERO DE CONTROL
campo de control 165362
003 - IDENTIFICADOR DE NÚMERO DE CONTROL
campo de control ES-MaACL
005 - FECHA Y HORA DE LA ÚLTIMA TRANSACCIÓN
campo de control 20230906213125.0
008 - DATOS DE LONGITUD FIJA--INFORMACIÓN GENERAL
campo de control de longitud fija 991227s1879 xxkaf |||| | spa d
040 ## - FUENTE DE CATALOGACIÓN
Centro catalogador/agencia de origen CCPB | B
Lengua de catalogación spa
Centro/agencia transcriptor CCPB | B
100 1# - ENTRADA PRINCIPAL--NOMBRE DE PERSONA
Nombre de persona Silva Ferro, Ramón de.
9 (RLIN) 132731
245 10 - MENCIÓN DEL TÍTULO
Título Memoria referente á la Exposicion de Higiene y Salvamento
Resto del título : verificada en Bruselas en 1876 /
Mención de responsabilidad, etc. redactada de Real órden por Ramon de Silva Ferro.
250 ## - MENCION DE EDICION
Mención de edición Ed. oficial.
260 ## - PUBLICACIÓN, DISTRIBUCIÓN, ETC.
Lugar de publicación, distribución, etc. Londres :
Nombre del editor, distribuidor, etc. [s.n.],
Fecha de publicación, distribución, etc. 1879 (
Fabricante imprenta de Clayton y C\pia\s, Impresores Extrangeros)
300 ## - DESCRIPCIÓN FÍSICA
Extensión [2], XII, 255 p., [1] h. de grab. :
Otras características físicas il. ;
Dimensiones 26 cm.
599 ## - NOTA A LAS ILUSTRACIONES
NOTA A LAS ILUSTRACIONES Numerosas il. xil. a lo largo del texto representando embarcaciones y sistemas de salvamento.
611 2# - PUNTO DE ACCESO ADICIONAL DE MATERIA--NOMBRE DE REUNIÓN/CONGRESO
Nombre de congreso/reunión o jurisdicción como elemento de entrada Exposición de Higiene y Salvamento.
Fecha del congreso o de la firma del tratado 1876.
Sede del congreso/Lugar de la reunión Bruselas)-
Subdivisión de forma Memorias y balances.
9 (RLIN) 135147
650 #4 - PUNTO DE ACCESO ADICIONAL DE MATERIA--TÉRMINO DE MATERIA
Término de materia o nombre geográfico como elemento de entrada Salvamento.
9 (RLIN) 155678
650 #4 - PUNTO DE ACCESO ADICIONAL DE MATERIA--TÉRMINO DE MATERIA
Término de materia o nombre geográfico como elemento de entrada Higiene naval.
9 (RLIN) 150957
852 ## - LOCALIZACIÓN
Ubicación ES-MaACL
Número de control de estantería G-1133
Nota libre -- Enc. hol.
Holdings
Estatus retirado Estado de pérdida Estado de daño No para préstamo Colección Biblioteca de origen Biblioteca actual Ubicación en estantería Fecha de adquisición Fuente de adquisición Total de préstamos Signatura topográfica completa Código de barras Visto por última vez Precio de reemplazo Tipo de ítem Koha
        Libros del s. XIX Biblioteca del Ateneo de Madrid Biblioteca del Ateneo de Madrid Depósito 2 17/01/2008     G-1133 1173399 23/02/2023 23/02/2023 Libro impreso antiguo